书目信息 |
| 题名: |
国际环境外交
|
|
| 作者: | 丁金光 著 | |
| 分册: | ||
| 出版信息: | 北京 中国社会科学出版社 2007 |
|
| 页数: | 287页 | |
| 开本: | 24cm | |
| 丛书名: | ||
| 单 册: | ||
| 中图分类: | X-11 | |
| 科图分类: | ||
| 主题词: | 环境保护--国际合作--研究 | |
| 电子资源: | ||
| ISBN: | 978-7-5004-6107-4 | |
| 000 | 01000nam0 2200241 450 | |
| 001 | 1551323180 | |
| 005 | 20150118141552.09 | |
| 010 | @a978-7-5004-6107-4@dCNY35.00 | |
| 100 | @a20070327d2007 em y0chiy50 ea | |
| 101 | 0 | @achi |
| 102 | @aCN@b110000 | |
| 105 | @ay z 000yy | |
| 200 | 1 | @a国际环境外交@9guo ji huan jing wai jiao@dInternational environmental diplomacy@f丁金光著@zeng |
| 210 | @a北京@c中国社会科学出版社@d2007 | |
| 215 | @a287页@d24cm | |
| 300 | @a山东省教育厅人文社会科学研究项目 | |
| 330 | @a本书前三章阐述了当今国际社会面临的环境问题,环境问题对国际关系和国际安全产生的影响及国际环境外交的兴趣和发展。其次,用两章篇幅论述了国际组织在国际环境外交中的地位和作用。最后五章分别论述了美国、日本、欧盟等主要国家、国家集团和地区环境外交的状况和特点。 | |
| 510 | 1 | @aInternational environmental diplomacy@zeng |
| 606 | 0 | @a环境保护@x国际合作@x研究 |
| 690 | @aX-11@v5 | |
| 701 | 0 | @a丁金光@9ding jin guang@f(1960~)@4著 |
| 801 | 0 | @aCN@bTSSF@c20150118 |
| 905 | @aZUCC@dX-11@eJY25 | |
| 国际环境外交=International environmental diplomacy/丁金光著.-北京:中国社会科学出版社,2007 |
| 287页;24cm |
| 山东省教育厅人文社会科学研究项目 |
| ISBN 978-7-5004-6107-4:CNY35.00 |
| 本书前三章阐述了当今国际社会面临的环境问题,环境问题对国际关系和国际安全产生的影响及国际环境外交的兴趣和发展。其次,用两章篇幅论述了国际组织在国际环境外交中的地位和作用。最后五章分别论述了美国、日本、欧盟等主要国家、国家集团和地区环境外交的状况和特点。 |
| ● |
| 相关链接 |
|
|
|
|
正题名:国际环境外交
索取号:X-11/JY25
 
预约/预借
| 序号 | 登录号 | 条形码 | 馆藏地/架位号 | 状态 | 备注 |
| 1 | 7849012 | 278490125 | 学院路分馆/ [索取号:X-11/JY25] | 在馆 | |
| 2 | 7849013 | 278490134 | 学院路分馆/ [索取号:X-11/JY25] | 在馆 |